| 000 | 00662cam a2200205 i 4500 | ||
|---|---|---|---|
| 999 |
_c57390 _d57390 |
||
| 001 | 20731770 | ||
| 005 | 20221105194439.0 | ||
| 008 | 181102s2020 pau b 001 0 eng | ||
| 020 |
_a9781496380333 1 _q |
||
| 041 | _aeng | ||
| 080 | _a616-006:618 B-45 | ||
| 245 | 0 | 0 |
_aBerek & Novak's gynecology / _c[edited by] Jonathan S. Berek. |
| 250 | _a16th edition. | ||
| 264 | 1 |
_aPhiladelphia : _bWolters Kluwer, _c2020. |
|
| 300 |
_a1,232 pages : _billustrations (some color) ; _c28 cm. |
||
| 653 | _aმედიცინა | ||
| 653 | _aგინეკოლოგია | ||
| 700 | 1 |
_aBerek, Jonathan S., _eრედაქტორი _98412 |
|
| 942 |
_2udc _cBK |
||